000 00485nam a2200181Ia 4500
001 19293
005 20260306172642.0
008 260306t2009||||xx |||||||||||||| ||spa||
041 _aESP
082 _a658.83
_bJ21 2009
100 _aJany Castro, José Nicolás
_eAUT
245 0 _aInvestigación integral de mercados:
_bavances para el nuevo milenio
260 _c2009
300 _axviii, 574 páginas :
_c27 cm.
650 _aGEN
654 _aCAN
942 _cLIB
_dJUS
_fJUS
_2ddc
_n
999 _c19293
_d19293